| Tag |
First Indicator |
Second Indicator |
Subfields |
| LEADER |
00000cam a2200000Ia 4500 |
| 001 |
in00002257321 |
| 005 |
20190326185349.0 |
| 006 |
m | d | |
| 007 |
cr |n||||||||n |
| 008 |
871103s1812 enk s 001 0 eng d |
| 040 |
|
|
|a TXA
|c GKR
|d OCL
|d Thomson Gale
|d UtOrBLW
|
| 043 |
|
|
|a e-uk---
|
| 100 |
1 |
|
|a Christian, Edward,
|d -1823.
|
| 245 |
1 |
4 |
|a The origin, progress, and present practice of the bankrupt law, both in England and in Ireland /
|c by Edward Christian.
|
| 264 |
|
3 |
|a London :
|b Printed for W. Clarke and Sons,
|c 1812.
|
| 300 |
|
|
|a 2 volumes ;
|c 22 cm.
|
| 336 |
|
|
|a text
|b txt
|2 rdacontent
|
| 337 |
|
|
|a computer
|b c
|2 rdamedia
|
| 338 |
|
|
|a online resource
|b cr
|2 rdacarrier
|
| 500 |
|
|
|a Includes indexes.
|
| 500 |
|
|
|a Reproduction of original from Harvard Law Library.
|
| 500 |
|
|
|a Goldsmiths'-Kress number 20555A.4.
|
| 510 |
4 |
|
|a OCLC,
|c 16930120
|
| 533 |
|
|
|a Electronic reproduction.
|b Farmington Hills, Mich. :
|c Thomson Gale,
|d 2005.
|f (The making of the modern world).
|n Available via the World Wide Web.
|n Access limited to licensing agreements.
|7 s2005 miunns
|
| 500 |
|
|
|a Electronic resource.
|
| 650 |
|
0 |
|a Bankruptcy
|z Great Britain.
|
| 655 |
|
0 |
|a Electronic books.
|
| 830 |
|
0 |
|a Making of the modern world (Goldsmiths'-Kress Library of Economic Literature)
|
| 856 |
4 |
0 |
|u http://proxy.library.tamu.edu/login?url=http://galenet.galegroup.com/servlet/MOME?af=RN&ae=U104311201&srchtp=a&ste=14&locID=txshracd2898
|z Connect to the full text of this electronic book
|t 0
|
| 999 |
|
|
|a MARS
|
| 999 |
f |
f |
|s 8357418f-235f-3ea8-9587-3678f003dfd4
|i afccbb6a-7f12-3094-af1a-c9ae0e8a288d
|t 0
|
| 952 |
f |
f |
|a Texas A&M University
|b College Station
|c Electronic Resources
|d Available Online
|t 0
|h No information provided
|
| 998 |
f |
f |
|t 0
|l Available Online
|